[Event "Tourn. n8017"]
[Site "www.chess-mail.com"]
[Date "2015.04.04"]
[Round "1"]
[White "Pretorian"]
[Black "Chessmith19"]
[WhiteElo "2530"]
[BlackElo "2630"]
[Result "1/2-1/2"]
[Round "1"]
1.d4 Ng8f6
2.c4 Nb8c6
3.Ng1f3 e6
4.Nb1c3 Bf8b4
5.Qd1c2 d6
6.Bc1d2 e5
7.a3 Bb4xc3
8.Bd2xc3 Qd8e7
9.d5 Nc6b8
10.Nf3d2 a5
11.g3 a4
12.Bf1g2 Nb8d7
13.O-O h5
14.Nd2f3 Nd7c5
15.Nf3h4 g5
16.Nh4f5 Bc8xf5
17.Qc2xf5 Nf6g4
18.Bc3d2 Rh8g8
19.Ra1e1 Qe7f6
20.Qf5c2 Qf6g6
21.e4 Ng4f6
22.Bd2e3 Nf6d7
23.f3 O-O-O
24.Rf1f2 Rg8g7
25.Re1f1 Kb8
26.g4 Nc5b3
27.Qc2c3 Rd8h8
28.Bg2h3 hxg4
29.Bh3xg4 Nd7c5
30.Bg4f5 Qg6h5
31.Rf2g2 Qh5h6
32.Rf1e1 Qh6f6
33.Re1d1 Rg7g8
34.Bf5g4 Rh8h7
35.Bg4f5 Rh7h6
36.Bf5g4 Rh6h8
37.Bg4f5 Qf6h6
38.Qc3e1 Qh6f6
39.Qe1f2 Qf6e7
{ draw }
1/2-1/2

[Event "Tourn. n8132"]
[Site "www.chess-mail.com"]
[Date "2015.04.04"]
[Round "1"]
[White "Picifarkinca"]
[Black "Maxlou"]
[WhiteElo "1930"]
[BlackElo "1840"]
[Result "1-0"]
[Round "1"]
1.Ng1f3 f5
2.c4 Ng8f6
3.Nb1c3 g6
4.d3 Bf8g7
5.g3 O-O
6.Bf1g2 d6
7.O-O e5
8.Qd1b3 Nb8c6
9.e3 Nf6d7
10.e4 Nd7c5
11.Qb3d1  { time }
1-0

[Event "Tourn. n8072"]
[Site "www.chess-mail.com"]
[Date "2015.04.04"]
[Round "1"]
[White "Andreachess"]
[Black "Vasylpuzanov"]
[WhiteElo "1920"]
[BlackElo "2080"]
[Result "0-1"]
[Round "1"]
1.c4 e5
2.Nb1c3 Nb8c6
3.e4 Ng8f6
4.d3 Bf8b4
5.Ng1f3 O-O
6.g3 d6
7.Bf1g2 Bc8g4
8.h3 Bg4xf3
9.Bg2xf3 Nc6d4
10.Bf3g2 Bb4c5
11.O-O Nf6d7
12.a3 a5
13.Qd1g4 Nd4e6
14.Bc1d2 Bc5d4
15.Kh1 c6
16.f4 exf4
17.gxf4 Ne6c5
18.f5 Nc5xd3
19.Bd2g5 Nd7e5
20.Qg4g3 f6
21.Bg5e3 Bd4xe3
22.Qg3xe3 Nd3xb2
23.Qe3d4 Nb2xc4
{ resign }
0-1

[Event "Tourn. n8101"]
[Site "www.chess-mail.com"]
[Date "2015.04.04"]
[Round "1"]
[White "Swampcat"]
[Black "Iko"]
[WhiteElo "1230"]
[BlackElo "1510"]
[Result "1-0"]
[Round "1"]
1.e4 e5
2.Ng1f3 d6
3.h3 Bc8e6
4.d4 Ng8f6
5.d5 Be6d7
6.Nb1c3 c5
7.Bf1b5 Bd7xb5
8.Nc3xb5 Nf6xe4
9.Qd1d3 f5
10.Nb5c3 Qd8b6
11.Nc3xe4 fxe4
12.Qd3xe4 Nb8a6
13.a3 Qb6a5
14.Bc1d2 Na6b4
15.Bd2xb4 cxb4
16.Qe4xb4 Qa5xd5
17.O-O Ra8c8
18.Rf1d1 Qd5c6
19.c3 d5
20.Qb4b3 Bf8c5
21.Nf3xe5 Qc6f6
22.Ne5f3 b6
23.Qb3xd5 Rc8d8
24.Qd5e4 Bc5e7
25.Rd1xd8 Kxd8
26.Qe4a8 Kd7
27.Qa8xh8 h6
28.Ra1d1 Kc6
29.Qh8c8 Kb5
30.Rd1d5 Ka4
31.Qc8c4 Be7b4
32.Qc4xb4 
1-0

[Event "Tourn. n8146"]
[Site "www.chess-mail.com"]
[Date "2015.04.04"]
[Round "1"]
[White "Cardiff"]
[Black "Guidom"]
[WhiteElo "1970"]
[BlackElo "2080"]
[Result "1/2-1/2"]
[Round "1"]
1.d4 d5
2.c4 e6
3.Nb1c3 Ng8f6
4.cxd5 exd5
5.Bc1g5 c6
6.e3 Bc8f5
7.Qd1b3 Qd8b6
8.Qb3xb6 axb6
9.Bg5xf6 gxf6
10.O-O-O Bf8b4
11.Ng1e2 Nb8d7
12.a3 Bb4d6
13.Ne2g3 Bf5g6
14.Bf1d3 O-O
15.Ng3f5 Bd6c7
16.Nf5e7 Kg7
17.Ne7f5 { draw }
1/2-1/2

[Event "Tourn. n8125"]
[Site "www.chess-mail.com"]
[Date "2015.04.04"]
[Round "1"]
[White "Difficult"]
[Black "Tomasseeber"]
[WhiteElo "2180"]
[BlackElo "2210"]
[Result "1-0"]
[Round "1"]
1.d4 Ng8f6
2.c4 c5
3.Ng1f3 d5
4.e3 Bc8f5
5.Nb1c3 e6
6.cxd5 Nf6xd5
7.Bf1b5 Nb8c6
8.Nf3e5 Qd8c7
9.Nc3xd5 exd5
10.Qd1a4 Bf5d7
11.Ne5xd7 Qc7xd7
12.Bb5xc6 bxc6
13.O-O f5
14.Bc1d2 c4
15.b3 c3
16.Bd2xc3 Bf8d6
17.Bc3b4 O-O
18.Ra1c1 Rf8f6
19.Bb4xd6 Qd7xd6
20.Rc1c5 f4
21.exf4 Ra8f8
22.g3 g5
23.fxg5 { resign }
1-0

[Event "Tourn. n8076"]
[Site "www.chess-mail.com"]
[Date "2015.04.04"]
[Round "1"]
[White "Cardiff"]
[Black "Orhany24"]
[WhiteElo "1960"]
[BlackElo "1860"]
[Result "0-1"]
[Round "1"]
1.Ng1f3 d5
2.c4 d4
3.b4 c5
4.bxc5 Nb8c6
5.d3 e5
6.Nb1d2 Bf8xc5
7.Nd2b3 Bc5b4
8.Bc1d2 Bb4d6
9.g3 Ng8e7
10.Bf1g2 O-O
11.O-O h6
12.c5 Bd6c7
13.Ra1c1 Bc8e6
14.Rc1c2 f5
15.Bd2c1 Ne7d5
16.Bc1d2 Qd8e7
17.Qd1b1 Ra8b8
18.Rf1c1 Be6d7
19.a3 Bd7e6
20.h4 Kf7
21.Qb1b2 Rf8g8
22.Bd2e1 g5
23.hxg5 hxg5
24.Be1d2 f4
25.Qb2b1 g4
26.Nf3e1 Rg8h8
27.a4 Qe7g5
28.Bg2e4 Qg5h5
29.gxf4 Qh5h2
30.Kf1 g3
31.fxg3 Qh2xg3
32.fxe5 Nd5e3
33.Bd2xe3 dxe3
{ resign }
0-1

[Event "Match"]
[Site "www.echecsemail.com"]
[Date "2015.04.04"]
[Round "1"]
[White "Mrmoto"]
[Black "Wildtiger"]
[WhiteElo "1580"]
[BlackElo "1539"]
[Result "1-0"]
[Round "1"]
1.e4 e6
2.d4 d5
3.Bf1d3 dxe4
4.Bd3xe4 Ng8f6
5.Bc1g5 h6
6.Bg5xf6 Qd8xf6
7.c3 Nb8c6
8.Qd1f3 Qf6g5
9.Nb1d2 Bf8d6
10.Be4xc6 Kd8
11.Nd2e4 Qg5f5
12.Bc6a4 Qf5a5
13.Ba4b3 b6
14.Ng1e2 f5
15.Ne4xd6 cxd6
16.Qf3xa8 Kc7
17.Qa8f3 Bc8b7
18.Qf3h5 Bb7xg2
19.Qh5f7 Kc6
20.Rh1g1 Bg2d5
21.Bb3xd5 Qa5xd5
22.Kd2 e5
23.Qf7xg7 Rh8e8
24.Qg7g2 e4
25.Ne2f4 Qd5b5
26.Ra1b1 Kb7
27.Qg2f1 Qb5d7
28.Nf4d5 Qd7f7
29.Nd5f4 d5
30.b3 Qf7d7
31.c4 dxc4
32.Qf1xc4 Re8c8
33.Qc4d5 Qd7xd5
34.Nf4xd5 Ka6
35.Nd5c3 b5
36.Rg1g6 Ka5
37.b4 { resign }
1-0

[Event "Match"]
[Site "www.echecsemail.com"]
[Date "2015.04.04"]
[Round "1"]
[White "Generalfree"]
[Black "Maestro"]
[WhiteElo "1930"]
[BlackElo "1880"]
[Result "1-0"]
[Round "1"]
1.e4 Ng8f6
2.e5 Nf6d5
3.c4 Nd5b6
4.Nb1c3 e6
5.a4 a5
6.c5 Bf8xc5
7.Ng1f3 d5
8.exd6 cxd6
9.d4 Bc5b4
10.Bc1d2 O-O
11.Bf1d3 Nb8c6
12.Bd3xh7 Kh8
13.Bh7d3 f6
14.Nf3g5 fxg5
15.Qd1h5 Kg8
16.Qh5h7 Kf7
17.Bd3g6 Kf6
18.Nc3e4 Ke7
19.Qh7xg7 Rf8f7
20.Qg7xf7 
1-0

[Event "Match"]
[Site "www.echecsemail.com"]
[Date "2015.04.04"]
[Round "1"]
[White "Bojan"]
[Black "F14"]
[WhiteElo "1960"]
[BlackElo "1880"]
[Result "1-0"]
[Round "1"]
1.e4 g6
2.d4 Bf8g7
3.c3 d6
4.Bf1c4 Ng8f6
5.Nb1d2 O-O
6.h3 c6
7.Ng1e2 Qd8c7
8.Ne2g3 d5
9.exd5 cxd5
10.Bc4e2 Nb8c6
11.Nd2b3 e5
12.O-O exd4
13.Nb3xd4 Nc6xd4
14.Qd1xd4 Bc8e6
15.Qd4h4 Ra8d8
16.Bc1g5 Qc7e5
17.Rf1e1 Rd8c8
18.Be2g4 Nf6e4
19.f4 Qe5d6
20.Ng3xe4 dxe4
21.Re1xe4 f5
22.Re4xe6 Qd6xe6
23.Bg4f3 Bg7f6
24.Qh4f2 Bf6xg5
25.fxg5 b6
26.Ra1d1 Rc8d8
27.Rd1a1 Rd8d6
28.b3 Rf8d8
29.c4 Kg7
30.Ra1e1 Qe6d7
31.Bf3d5 b5
32.Qf2d4 Rd6f6
33.gxf6 Kf8
34.f7 Qd7xf7
35.Qd4h8 { resign }
1-0

[Event "Match"]
[Site "www.echecsemail.com"]
[Date "2015.04.04"]
[Round "1"]
[White "Cardiff"]
[Black "Guidom"]
[WhiteElo "1970"]
[BlackElo "2010"]
[Result "1/2-1/2"]
[Round "1"]
1.d4 d5
2.c4 Ng8f6
3.cxd5 Qd8xd5
4.Nb1c3 Qd5a5
5.Bc1d2 e6
6.Ng1f3 Nb8d7
7.e3 c6
8.Bf1e2 Bf8b4
9.O-O O-O
10.a3 Bb4xc3
11.Bd2xc3 Qa5d8
12.Qd1c2 Nd7b6
13.Rf1d1 Bc8d7
14.Nf3e5 Nb6d5
15.Bc3e1 Qd8c7
16.b4 a6
17.a4 Ra8c8
18.Rd1c1 Qc7d8
19.Qc2b3 Nf6e4
20.Be2f3 Ne4g5
21.Bf3e2 f6
22.Ne5xd7 Qd8xd7
23.b5 { draw }
1/2-1/2

[Event "Match"]
[Site "www.echecsemail.com"]
[Date "2015.04.04"]
[Round "1"]
[White "Jasmartin"]
[Black "Stevep84"]
[WhiteElo "1740"]
[BlackElo "2120"]
[Result "0-1"]
[Round "1"]
1.d4 c6
2.g3 d5
3.Bf1g2 Bc8f5
4.Ng1f3 e6
5.O-O Bf8d6
6.c4 dxc4
7.Nb1c3 Ng8e7
8.Bc1g5 h6
9.Bg5h4 g5
10.Nf3xg5 hxg5
11.Bh4xg5 Nb8d7
12.e4 Bf5g6
13.Qd1d2 Nd7b6
14.Bg5f6 Rh8h7
15.e5 Bd6c7
16.g4 Qd8d7
17.Nc3e4 Nb6d5
18.Ne4c5 Qd7c8
19.Bf6xe7 Nd5xe7
20.Bg2e4 b6
21.Be4xg6 Ne7xg6
22.Nc5e4 Rh7h4
23.Qd2g5 Qc8b8
24.Ne4f6 Kd8
25.Rf1d1 Kc8
26.a4 Kb7
27.f4 Qb8h8
28.f5 Bc7xe5
29.dxe5 Ng6xe5
30.Nf6h5 Ne5f3
{ resign }
0-1

[Event "Match"]
[Site "www.echecsemail.com"]
[Date "2015.04.04"]
[Round "1"]
[White "Delacey"]
[Black "Calponas"]
[WhiteElo "1930"]
[BlackElo "2020"]
[Result "0-1"]
[Round "1"]
1.e4 c5
2.Ng1f3 Nb8c6
3.Bf1c4 e6
4.O-O Ng8f6
5.Nb1c3 d6
6.d3 Bf8e7
7.Bc1d2 Bc8d7
8.Rf1e1 a6
9.a3 b5
10.Bc4a2 Qd8c7
11.Nf3g5 h6
12.Ng5xf7 Kxf7
13.Qd1f3 Rh8f8
14.Nc3d5 exd5
15.Ba2xd5 Bd7e6
16.Bd5xe6 Kxe6
17.Qf3f5 Kf7
18.Re1e3 Nc6d4
19.Qf5f4 Nd4xc2
20.Re3g3 Nc2xa1
21.Qf4f3 Na1c2
22.Bd2c3 Nc2d4
23.Bc3xd4 cxd4
24.h3 Qc7c1
25.Kh2 Kg8
26.Qf3f5 Qc1c8
27.Qf5f3 Qc8e6
{ resign }
0-1

[Event "Match"]
[Site "www.echecsemail.com"]
[Date "2015.04.04"]
[Round "1"]
[White "Yangqi"]
[Black "Guidom"]
[WhiteElo "2069"]
[BlackElo "2080"]
[Result "1-0"]
[Round "1"]
1.e4 e5
2.f4 exf4
3.Ng1f3 d5
4.exd5 Qd8xd5
5.Nb1c3 Qd5d8
6.Qd1e2 Qd8e7
7.d4 Qe7xe2
8.Bf1xe2 Bf8d6
9.Nc3b5 Bc8f5
10.Nb5xd6 cxd6
11.c4 Nb8c6
12.Bc1xf4 O-O-O
13.d5 Nc6b4
14.O-O f6
15.Nf3d4 Bf5d7
16.Bf4xd6 Nb4a6
17.Ra1c1 Ng8h6
18.a3 Nh6f7
19.Bd6e7 Rd8e8
20.d6 Na6b8
21.b4 Nb8c6
22.Nd4xc6 bxc6
23.c5 Kb7
24.Be2h5 g6
25.Rf1xf6 Nf7xd6
26.cxd6 gxh5
27.Rf6h6 a6
28.Rh6xh5 h6
29.Rc1c4 Rh8h7
30.Rc4h4 Re8h8
31.Be7g5 Rh7f7
32.Rh5xh6 Rh8f8
33.h3 Rf7f5
34.Rh6h7 Kc8
35.Bg5e7 Rf8g8
36.Rh7h8 Rg8xh8
37.Rh4xh8 Kb7
38.Rh8h4 Rf5d5
39.Rh4f4 Rd5d3
40.h4 Rd3xa3
41.h5 Bd7e8
42.h6 Be8g6
43.d7 Ra3a1
44.Kh2 { resign }
1-0

[Event "Match"]
[Site "www.echecsemail.com"]
[Date "2015.04.04"]
[Round "1"]
[White "Carloswhizz"]
[Black "Kesalon"]
[WhiteElo "1770"]
[BlackElo "1830"]
[Result "0-1"]
[Round "1"]
1.e4 e5
2.f4 exf4
3.Ng1f3 g5
4.Bf1c4 Bf8g7
5.O-O d6
6.Nb1c3 Nb8c6
7.d4 Bc8g4
8.h3 Bg4h5
9.a3 Bh5xf3
10.Rf1xf3 Nc6xd4
11.Rf3f1 Qd8e7
12.Rf1e1 O-O-O
13.Qd1d3 Nd4c6
14.Nc3d5 Qe7d7
15.Ra1b1 Nc6e5
16.Qd3b3 Ne5xc4
17.Qb3xc4 Ng8f6
18.Nd5xf6 Bg7xf6
19.b4 h5
20.Rb1b3 Rd8f8
21.b5 g4
22.Bc1xf4 gxh3
23.Rb3xh3 Rf8g8
24.e5 Qd7xh3
25.Re1e2 Bf6xe5
26.Bf4xe5 dxe5
27.Qc4xf7 Qh3g4
28.Qf7f1 h4
29.Re2xe5 Qg4d4
30.Kh1 Qd4xe5
{ resign }
0-1

[Event "Match"]
[Site "www.echecsemail.com"]
[Date "2015.04.04"]
[Round "1"]
[White "Bbking"]
[Black "F14"]
[WhiteElo "1490"]
[BlackElo "1870"]
[Result "0-1"]
[Round "1"]
1.e4 d6
2.d4 g6
3.Nb1c3 Bf8g7
4.Bc1f4 Ng8f6
5.Ng1f3 O-O
6.Bf1c4 c6
7.d5 b5
8.Bc4b3 Bc8b7
9.e5 dxe5
10.Bf4xe5 cxd5
11.Be5xf6 Bg7xf6
12.Nc3xd5 e6
13.Nd5xf6 Qd8xf6
14.O-O Qf6xb2
15.Rf1e1 Nb8c6
16.Nf3e5 Nc6xe5
17.Qd1d6 Ne5c4
18.Bb3xc4 bxc4
19.Qd6c7 Ra8c8
20.Qc7a5 Bb7d5
21.Qa5xa7 Rc8a8
22.Re1b1 Qb2xb1
23.Ra1xb1 Ra8xa7
24.Rb1a1 c3
25.a4 Rf8a8
{ resign }
0-1

[Event "Match"]
[Site "www.echecsemail.com"]
[Date "2015.04.04"]
[Round "1"]
[White "F14"]
[Black "Reanna"]
[WhiteElo "1860"]
[BlackElo "1610"]
[Result "0-1"]
[Round "1"]
1.d4 d5
2.c4 Ng8f6
3.Ng1f3 e6
4.Nb1c3 Bf8e7
5.e3 O-O
6.cxd5 Nf6xd5
7.Bf1e2 Be7b4
8.Qd1c2 Rf8e8
9.Bc1d2 a5
10.Nc3xd5 exd5
11.Bd2xb4 axb4
12.O-O Nb8c6
13.Be2b5 Qd8f6
14.Nf3e5 Bc8f5
15.Qc2d2 Re8e7
16.Bb5xc6 bxc6
17.Qd2xb4 h5
18.Ne5xc6 Re7e8
19.a3 Qf6xc6
20.Ra1c1 Bf5c2
21.Qb4d2 Qc6g6
22.Rc1xc2 h4
23.Rc2xc7 h3
24.f3 Re8xe3
25.Qd2xe3 Qg6xg2
{ resign }
0-1

[Event "1/16 Finale"]
[Site "www.chess-mail.com"]
[Date "2015.04.04"]
[Round "1"]
[White "Cobraxx7"]
[Black "Winterlude"]
[WhiteElo "2570"]
[BlackElo "2500"]
[Result "1-0"]
[Round "1"]
1.e4 e5
2.Ng1f3 Nb8c6
3.Bf1b5 Ng8f6
4.O-O Nf6xe4
5.d4 Ne4d6
6.Bb5xc6 dxc6
7.dxe5 Nd6f5
8.Qd1xd8 Kxd8
9.Rf1d1 Ke8
10.Nb1c3 Nf5e7
11.h3 Ne7g6
12.Bc1e3 f6
13.exf6 gxf6
14.Rd1e1 Kf7
15.Nc3e4 Bf8e7
16.Ra1d1 Rh8d8
17.Rd1xd8 Be7xd8
18.Nf3d4 Bd8e7
19.Ne4g3 c5
20.Nd4f5 Be7f8
21.Re1d1 Bc8e6
22.Nf5h6 Bf8xh6
23.Be3xh6 b6
24.f3 Ng6e7
25.a3 Ra8e8
26.Kf2 Ne7c6
27.Bh6f4 Re8e7
28.Rd1d2 Kg6
29.Ng3f1 h5
30.g4 Nc6d4
31.c3 Nd4b3
32.gxh5 Kxh5
33.Rd2d8 Kg6
34.Rd8h8 Re7h7
35.Rh8xh7 Kxh7
36.h4 c6
37.Bf4b8 a5
38.Bb8c7 b5
39.Nf1g3 c4
40.Bc7d8 Kg6
41.Ke3 Be6f7
42.h5 Kg7
43.Kf4 Nb3c5
44.Bd8xa5 Bf7e6
45.Ba5d8 Nc5d3
46.Ke4 Nd3xb2
47.Ng3f5 Kf7
48.Nf5d6 Kg7
49.f4 Nb2a4
50.f5 Be6g8
51.Nd6e8 Kf7
52.Ne8xf6 Na4xc3
53.Ke5 Nc3d5
54.Nf6xg8 Kxg8
55.h6 { resign }
1-0

[Event "1/128 Finale"]
[Site "www.chess-mail.com"]
[Date "2015.04.04"]
[Round "1"]
[White "Robkinyon"]
[Black "Wildsmokey"]
[WhiteElo "1499"]
[BlackElo "2030"]
[Result "0-1"]
[Round "1"]
1.e4 e5
2.f4 exf4
3.Bf1c4 Qd8h4
4.Kf1 Ng8f6
5.Ng1f3 Qh4h6
6.e5 d5
7.Bc4e2 Nf6e4
8.d3 Ne4g3
9.Kg1 Ng3xh1
10.Kxh1 Nb8c6
11.Nb1c3 Bc8e6
12.g3 g5
13.h4 fxg3
14.Bc1xg5 Qh6g6
15.d4 h6
16.Be2d3 Qg6g8
17.Qd1e1 g2
{ resign }
0-1

[Event "1/128 Finale"]
[Site "www.chess-mail.com"]
[Date "2015.04.04"]
[Round "1"]
[White "Hali"]
[Black "Guidom"]
[WhiteElo "2150"]
[BlackElo "2080"]
[Result "1-0"]
[Round "1"]
1.e4 e5
2.Nb1c3 Nb8c6
3.Bf1c4 d6
4.Ng1e2 Ng8f6
5.d3 Bc8g4
6.O-O Bf8e7
7.f4 O-O
8.h3 Bg4xe2
9.Qd1xe2 Nc6d4
10.Qe2f2 exf4
11.Qf2xd4 b6
12.Nc3d5 Nf6xd5
13.Bc4xd5 Ra8b8
14.Bc1xf4 Be7f6
15.Qd4b4 a5
16.Qb4b3 Bf6d4
17.Kh1 b5
18.c3 a4
19.Qb3c2 Bd4b6
20.a3 Qd8d7
21.Rf1f3 c6
22.Bd5a2 Kh8
23.Ra1f1 f6
24.d4 Rb8c8
25.Ba2b1 Rf8f7
26.e5 f5
27.exd6 c5
28.Qc2f2 cxd4
29.cxd4 Qd7e6
30.Bf4e5 Rc8f8
31.Bb1xf5 Qe6h6
32.Qf2c2 Qh6h4
33.Bf5g4 Rf7xf3
34.Rf1xf3 Rf8xf3
35.Qc2c8 Bb6d8
36.Bg4xf3 h6
37.Qc8g4 Qh4e1
38.Kh2 Bd8g5
39.Qg4c8 Kh7
40.Qc8d7 { resign }
1-0

[Event "Eq:MondoScacchi-CONFOEDERATIONIS HELVETICAE : "]
[Site "www.chess-mail.com"]
[Date "2015.04.04"]
[Round "1"]
[White "Thurgau"]
[Black "Sontuozio"]
[WhiteElo "2730"]
[BlackElo "2100"]
[Result "1-0"]
[Round "1"]
1.e4 e6
2.d4 d5
3.Nb1c3 dxe4
4.Nc3xe4 Nb8d7
5.Ng1f3 Ng8f6
6.Ne4xf6 Nd7xf6
7.Bc1g5 Bf8e7
8.Bf1d3 O-O
9.Qd1e2 Nf6d5
10.Bg5d2 Qd8d6
11.O-O Nd5f4
12.Bd2xf4 Qd6xf4
13.c3 c5
14.Nf3e5 cxd4
15.g3 Qf4h6
16.cxd4 Qh6h3
17.Bd3e4 Rf8d8
18.Ra1c1 f6
19.Ne5d3 Be7d6
20.Be4f3 Ra8b8
21.Rc1xc8 Rb8xc8
22.Bf3g4 Qh3h6
23.Bg4xe6 Kf8
24.Be6xc8 Rd8xc8
25.Qe2e4 Rc8c7
26.Qe4d5 Bd6e7
27.Nd3f4 Ke8
28.Qd5g8 Kd7
29.Qg8e6 Kd8
30.Nf4d5 { resign }
1-0

[Event "Tourn. n8083"]
[Site "www.chess-mail.com"]
[Date "2015.04.05"]
[Round "1"]
[White "Kollipaa"]
[Black "Silent1"]
[WhiteElo "2020"]
[BlackElo "1910"]
[Result "1-0"]
[Round "1"]
1.b4 e5
2.b5 d5
3.Bc1b2 d4
4.d3 Bf8b4
5.Nb1d2 Bb4c3
6.Bb2xc3 dxc3
7.Nd2b3 Ng8f6
8.e4 O-O
9.Ng1f3 Bc8g4
10.Bf1e2 Nb8d7
11.O-O Qd8e7
12.a4 Nd7c5
13.Nb3xc5 Qe7xc5
14.Rf1e1 Bg4xf3
15.Be2xf3 Ra8d8
16.Qd1c1 Qc5d4
17.h3 c6
18.Ra1a3 cxb5
19.axb5 Rd8a8
20.Qc1a1 Rf8c8
21.Re1b1 b6
22.Ra3xa7 Ra8xa7
23.Qa1xa7 h6
24.Qa7a3 Qd4c5
25.Rb1b3 Qc5xa3
26.Rb3xa3 Rc8c5
27.Ra3b3 Nf6d7
28.Bf3g4 Nd7f6
29.Bg4e2 Nf6e8
30.Be2g4 Ne8d6
31.Bg4d7 Nd6b7
32.Bd7c6 Nb7a5
33.Rb3b4 Na5xc6
34.bxc6 Rc5xc6
35.f3 Kf8
36.Rb4b5 f6
37.Kf2 Ke7
38.Ke3 g6
39.g4 Ke6
40.f4 exf4
41.Kxf4 g5
42.Ke3 Kd6
43.Kd4 Ke6
44.Rb5b3 Kd6
45.Rb3xc3 Rc6xc3
46.Kxc3 Kc5
47.d4 Kb5
48.Kb3 Kc6
49.c4 b5
50.c5 { resign }
1-0

[Event "Tourn. n8172"]
[Site "www.chess-mail.com"]
[Date "2015.04.05"]
[Round "1"]
[White "Umzi"]
[Black "Amaya"]
[WhiteElo "2100"]
[BlackElo "2020"]
[Result "1-0"]
[Round "1"]
1.e4 e6
2.Ng1f3 d5
3.e5 c5
4.Bf1b5 Nb8c6
5.O-O Ng8e7
6.c3 g6
7.d4 cxd4
8.cxd4 Bf8g7
9.Bc1g5 O-O
10.Nb1c3 Bc8d7
11.a3 h6
12.Bg5d2 a6
13.Bb5d3 Qd8b6
14.Nc3a4 Qb6a7
15.Na4c5 Bd7c8
16.Bd2e3 b6
17.Nc5b3 Ne7f5
18.Bd3xf5 exf5
19.Qd1d2 g5
20.g3 f6
21.Ra1c1 Qa7b7
22.exf6 Bg7xf6
23.h4 f4
24.gxf4 Bc8g4
25.Nf3h2 Qb7d7
26.fxg5 hxg5
27.Be3xg5 Bg4h3
28.Rf1e1 Qd7f5
29.Rc1xc6 Bf6g7
30.f4 Rf8f6
31.Bg5xf6 Bg7xf6
32.Qd2c2 Qf5xf4
33.Qc2g6 Bf6g7
34.Re1e7 { resign }
1-0

[Event "Tourn. n8049"]
[Site "www.chess-mail.com"]
[Date "2015.04.05"]
[Round "1"]
[White "Valdri"]
[Black "Krasin"]
[WhiteElo "2040"]
[BlackElo "2270"]
[Result "0-1"]
[Round "1"]
1.e4 e6
2.d4 d5
3.Nb1c3 Bf8b4
4.Ng1e2 dxe4
5.a3 Bb4e7
6.Nc3xe4 Ng8f6
7.Ne2c3 Nb8d7
8.Bc1f4 O-O
9.Bf1d3 b6
10.O-O Bc8b7
11.Rf1e1 c5
12.dxc5 Nd7xc5
13.Ne4xc5 Be7xc5
14.Qd1e2 Bc5d6
15.Bf4xd6 Qd8xd6
16.Ra1d1 Qd6c6
17.f3 Ra8d8
 { time }
0-1

[Event "Tourn. n8077"]
[Site "www.chess-mail.com"]
[Date "2015.04.05"]
[Round "1"]
[White "Emmanuelasi"]
[Black "Jose"]
[WhiteElo "2250"]
[BlackElo "2700"]
[Result "0-1"]
[Round "1"]
1.e4 c5
2.d4 cxd4
3.c3 dxc3
4.Nb1xc3 Nb8c6
5.Ng1f3 d6
6.Bf1c4 e6
7.Qd1e2 Ng8e7
8.O-O Ne7g6
9.Rf1d1 a6
10.Bc1e3 b5
11.Bc4b3 Bf8e7
12.Ra1c1 Bc8b7
13.a3 Ra8c8
14.g3 Nc6a5
15.Bb3a2 O-O
16.h4 Be7f6
17.Be3g5 Bf6xg5
18.Nf3xg5 h6
19.Ng5xe6 fxe6
20.Ba2xe6 Kh8
21.Be6xc8 Bb7xc8
22.f4 Ng6xf4
23.Rd1f1 Nf4xe2
{ resign }
0-1

[Event "Tourn. n8137"]
[Site "www.chess-mail.com"]
[Date "2015.04.05"]
[Round "1"]
[White "Anja"]
[Black "Maxlou"]
[WhiteElo "1690"]
[BlackElo "1830"]
[Result "1-0"]
[Round "1"]
1.d4 f5
2.g3 Ng8f6
3.Bf1g2 g6
4.Bc1f4 Bf8g7
5.c4 c5
6.e3 Nb8c6
7.Ng1f3 cxd4
8.exd4 Qd8b6
9.b3 { time. }
1-0

[Event "Tourn. n7972"]
[Site "www.chess-mail.com"]
[Date "2015.04.05"]
[Round "1"]
[White "Generalfree"]
[Black "Falcoale"]
[WhiteElo "1900"]
[BlackElo "1870"]
[Result "1-0"]
[Round "1"]
1.e4 c5
2.Nb1c3 e6
3.f4 Nb8c6
4.Ng1f3 g6
5.g3 Bf8g7
6.e5 a6
7.d4 cxd4
8.Nf3xd4 Ng8e7
9.Bf1g2 O-O
10.Nd4xc6 Ne7xc6
11.a3 f6
12.Bg2xc6 bxc6
13.exf6 Rf8xf6
14.Nc3e4 Rf6f5
15.h4 d5
16.g4 Rf5f8
17.Ne4c5 Qd8a5
18.b4 Bg7c3
19.Bc1d2 Bc3xd2
20.Qd1xd2 Qa5c7
21.O-O Bc8d7
22.Ra1e1 Bd7c8
23.Nc5xe6 Qc7b6
24.Rf1f2 Bc8xe6
25.Re1xe6 Rf8f7
26.h5 Ra8f8
27.Kh1 Qb6b7
28.hxg6 hxg6
29.Re6xg6 Rf7g7
30.Qd2d3 d4
31.Qd3c4 Qb7f7
32.Rg6xg7 Kxg7
33.Qc4xd4 Kg8
34.c4 Rf8e8
35.Rf2h2 Re8e1
36.Kg2 Re1e2
37.Kg3 Re2xh2
38.Kxh2 Qf7h7
39.Kg3 Qh7e7
40.g5 Qe7e1
41.Kg4 Qe1e2
42.Kf5 Qe2c2
43.Kf6 Qc2e2
44.Qd4d8 Kh7
45.Qd8d7 { resign }
1-0

[Event "Tourn. n8070"]
[Site "www.chess-mail.com"]
[Date "2015.04.05"]
[Round "1"]
[White "Tartan"]
[Black "Squimichele"]
[WhiteElo "2360"]
[BlackElo "2490"]
[Result "1-0"]
[Round "1"]
1.d4 Ng8f6
2.c4 g6
3.Nb1c3 d5
4.cxd5 Nf6xd5
5.e4 Nd5xc3
6.bxc3 Bf8g7
7.Bf1c4 c5
8.Ng1e2 Nb8c6
9.Bc1e3 O-O
10.Ra1c1 Qd8c7
11.O-O Rf8d8
12.Be3f4 Qc7d7
13.d5 Nc6a5
14.Bc4d3 b6
15.c4 e6
16.Qd1c2 Bc8a6
17.Rf1d1 Rd8e8
18.Ne2g3 Ra8d8
19.Bf4g5 Rd8b8
{ time. }
1-0

[Event "Tourn. n8108"]
[Site "www.chess-mail.com"]
[Date "2015.04.05"]
[Round "1"]
[White "Cathar"]
[Black "Ostapbender"]
[WhiteElo "2230"]
[BlackElo "2660"]
[Result "0-1"]
[Round "1"]
1.c4 e6
2.g3 d5
3.Bf1g2 Ng8f6
4.Ng1f3 Bf8e7
5.O-O O-O
6.d4 b6
7.cxd5 exd5
8.Nf3e5 Bc8b7
9.Nb1c3 Nb8a6
10.Qd1a4 c5
11.Bc1e3 cxd4
12.Be3xd4 Na6c5
13.Bd4xc5 bxc5
14.Rf1d1 Qd8c7
15.Ne5g4 Nf6xg4
16.Qa4xg4 d4
17.Nc3d5 Qc7d8
18.Nd5xe7 Qd8xe7
19.Bg2xb7 Qe7xb7
20.b3 Ra8e8
21.Ra1c1 Re8e5
22.Rc1c2 Rf8e8
23.Rd1d2 h5
24.Qg4h3 a5
25.Qh3g2 Qb7b6
26.Qg2f3 h4
27.Kg2 a4
28.bxa4 c4
29.gxh4 c3
30.Rd2d1 Qb6g6
{ resign }
0-1

[Event "Tourn. n8131"]
[Site "www.chess-mail.com"]
[Date "2015.04.05"]
[Round "1"]
[White "Neo"]
[Black "Pipas"]
[WhiteElo "1760"]
[BlackElo "1620"]
[Result "0-1"]
[Round "1"]
1.d4 d5
2.e3 Nb8c6
3.c3 e5
4.g3 e4
5.Bf1g2 Bc8f5
6.Ng1h3 Bf5xh3
7.Bg2xh3 Ng8f6
8.O-O Bf8d6
9.Bh3g2 O-O
10.b4 h6
11.a3 b5
12.Bc1d2 a5
13.bxa5 Nc6xa5
14.a4 bxa4
15.Ra1xa4 Na5c4
16.Ra4xa8 Qd8xa8
17.Qd1b3 c5
18.dxc5 Bd6xc5
19.Qb3b5 Bc5e7
20.Rf1c1 Rf8b8
21.Qb5xb8 Qa8xb8
22.Bg2f1 Nc4xd2
23.Nb1xd2 Be7a3
24.Rc1b1 Qb8e5
25.Rb1b3 Ba3d6
26.Rb3b5 h5
27.h4 Qe5f5
28.c4 Nf6g4
29.f4 Ng4xe3
30.cxd5 Ne3xf1
31.Kxf1 Qf5h3
32.Kf2 Qh3h2
33.Ke3 Qh2xg3
34.Kxe4 Qg3xf4
35.Kd3 Qf4xh4
36.Nd2e4 Qh4h3
37.Kd4 Qh3g4
38.Rb5b6 Bd6f4
39.Rb6c6 Qg4d1
40.Kc4 h4
41.Rc6c8 Kh7
42.Rc8d8 h3
43.d6 h2
44.d7 h1Q
45.Ne4c5 Qd1c2
46.Kb5 Qh1b1
47.Kc6 Bf4e3
48.Kd5 Qc2xc5

0-1

[Event "Tourn. n8071"]
[Site "www.chess-mail.com"]
[Date "2015.04.05"]
[Round "1"]
[White "Terrible"]
[Black "Blackpool"]
[WhiteElo "2270"]
[BlackElo "2030"]
[Result "1-0"]
[Round "1"]
1.d4 c6
2.Ng1f3 d5
3.c4 Ng8f6
4.Nb1c3 dxc4
5.g3 Bc8f5
6.Bf1g2 e6
7.Nf3e5 Bf8b4
8.Ne5xc4 O-O
9.O-O Nf6d5
10.Qd1b3 Bb4xc3
11.bxc3 Nd5b6
12.Nc4xb6 axb6
13.e4 Bf5g6
14.f4 h6
15.f5 exf5
16.exf5 Bg6h5
17.f6 gxf6
18.Bc1xh6 Rf8e8
19.Ra1e1 Re8xe1
20.Rf1xe1 Nb8d7
21.Qb3c2 Bh5g6
22.Qc2e2 b5
23.h4 Kh7
24.Bh6f4 Nd7b6
25.h5 Bg6f5
26.g4 Bf5e6
27.Qe2c2 Kg7
28.Re1xe6 fxe6
29.h6 Kg8
30.Qc2g6 { resign }
1-0

[Event "Tourn. n8137"]
[Site "www.chess-mail.com"]
[Date "2015.04.05"]
[Round "1"]
[White "Ditto"]
[Black "Maxlou"]
[WhiteElo "1710"]
[BlackElo "1830"]
[Result "1-0"]
[Round "1"]
1.d4 f5
2.Ng1f3 Ng8f6
3.Bc1g5 Nf6e4
4.Bg5f4 d6
5.e3 g6
6.Bf1d3 Nb8d7
7.O-O { time. }
1-0

[Event "Tourn. n8007"]
[Site "www.chess-mail.com"]
[Date "2015.04.05"]
[Round "1"]
[White "Malbertan"]
[Black "Samael"]
[WhiteElo "1950"]
[BlackElo "2090"]
[Result "0-1"]
[Round "1"]
1.e4 e5
2.Nb1c3 Ng8f6
3.Bf1c4 d6
4.f4 exf4
5.Ng1f3 h6
6.O-O Bf8e7
7.d4 Bc8g4
8.Bc1xf4 O-O
9.Qd1d3 Nb8c6
10.Qd3e3 Kh7
11.Bc4d3 Nf6g8
12.e5 g6
13.Nc3d5 Bg4e6
14.Nd5xe7 Nc6xe7
15.exd6 cxd6
16.Ra1d1 Ne7d5
17.Qe3c1 Nd5xf4
18.Qc1xf4 Ra8c8
19.Nf3d2 Qd8e7
20.Nd2e4 d5
21.Ne4f6 Ng8xf6
22.Qf4xf6 Qe7xf6
23.Rf1xf6 Kg7
24.Rd1f1 a6
25.c3 Rf8e8
26.h4 h5
27.Bd3b1 Re8e7
28.Bb1d3 Rc8c6
29.Rf1f2 Be6d7
30.Rf6xc6 Bd7xc6
31.Rf2e2 Re7xe2
32.Bd3xe2 f6
33.Kf2 Kh6
34.Ke3 g5
35.g3 Bc6d7
36.Be2f3 Bd7e6
37.Bf3g2 Kg6
38.Bg2f3 b6
39.Bf3e2 a5
40.Be2d1 f5
41.Kf3 f4
42.hxg5 Be6g4
43.Kg2 Bg4xd1
44.gxf4 Kf5
45.Kg3 Bd1a4
46.Kh4 Ba4e8
47.Kg3 Ke4
48.a3 a4
{ resign }
0-1

[Event "Tourn. n8106"]
[Site "www.chess-mail.com"]
[Date "2015.04.05"]
[Round "1"]
[White "Emmanuelasi"]
[Black "Pgcbies"]
[WhiteElo "2340"]
[BlackElo "2740"]
[Result "1-0"]
[Round "1"]
1.e4 e5
2.Ng1f3 Nb8c6
3.Bf1b5 a6
4.Bb5a4 Ng8f6
5.O-O b5
6.Ba4b3 Bf8e7
7.Rf1e1 O-O
8.d4 d6
9.c3 Bc8g4
10.Bc1e3 exd4
11.cxd4 Nc6a5
12.Bb3c2 c5
13.Nb1c3 Na5c4
14.Be3c1  { time }
1-0